Music Quiz

Random Music or Lyrics Quiz

Commonest Beatles Words Quiz Stats

 Plays Quiz Updated Mar 27, 2018

Challenge
Share
Tweet
Embed
Score 0/100 Timer 12:00
3 Plays Today
Rank Word % Correct
2.I
96%
8.love
95.3%
7.a
94.2%
1.you
92.4%
3.the
91.7%
83.he
88.3%
5.me
84.4%
22.she
82.8%
67.we
80.5%
4.to
79.8%
11.be
78.6%
10.in
74.8%
24.do
73.9%
12.it
72.9%
6.and
71.3%
29.her
70.8%
43.no
70.1%
40.go
68.1%
23.is
67.1%
20.on
65.9%
14.all
65.5%
27.so
65.3%
9.my
63.9%
36.can
63.2%
17.your
62.7%
30.when
59.6%
26.for
56.8%
99.yes
54.6%
19.of
54.6%
68.there
52.3%
51.girl
52.1%
92.they
52%
94.are
51.6%
63.day
51.2%
Rank Word % Correct
75.why
49.6%
42.want
49.2%
50.will
49%
18.don't
48.9%
34.what
48.7%
86.not
48.3%
35.with
47.9%
13.that
47.9%
76.let
47.8%
32.if
47.1%
15.know
46.4%
41.see
45.5%
39.say
45.3%
48.come
45.1%
93.need
45.1%
65.was
44.3%
47.get
44.2%
45.like
43.8%
73.how
43.1%
56.can't
43%
89.man
42.9%
59.one
42.8%
80.have
42.4%
53.hey
41%
64.up
40%
74.too
39.7%
37.now
39.5%
91.from
38.8%
71.out
38.4%
62.yeah
38.1%
90.yeh
38.1%
16.I'm
37.8%
88.as
37.6%
33.but
37.5%
Rank Word % Correct
95.night
37.2%
81.good
36.9%
98.here
36.7%
82.at
36.7%
58.down
36%
21.oh
35.3%
77.make
34.6%
97.mine
34.6%
25.it's
34.4%
49.just
33.5%
66.time
33.2%
38.got
32.9%
96.please
32.7%
28.baby
32.5%
87.take
32.3%
100.been
30.1%
46.you're
29.6%
61.back
29.1%
72.never
27.7%
60.way
27.3%
44.I'll
27.3%
70.said
26.3%
69.right
26.1%
57.tell
25.9%
84.long
24.4%
31.well
23.5%
79.I've
21.4%
54.she's
21.3%
55.little
21.1%
78.home
19.2%
52.gonna
12.1%
85.that's
7.5%

You're not logged in!

Compare scores with friends on all Sporcle quizzes.
Join for Free
OR
Log In

You Might Also Like...

Show Comments

Extras

Top Quizzes Today


Score Distribution

Your Account Isn't Verified!

In order to create a playlist on Sporcle, you need to verify the email address you used during registration. Go to your Sporcle Settings to finish the process.

Report this User

Report this user for behavior that violates our Community Guidelines.

Details: